000 00769nam a2200205Ia 4500
999 _c39854
_d39854
001 6459
003 GE_BSU
005 20191009172240.0
008 181216s1937||||g |||||||||||||| ||geo||
040 _cGE_BSU
041 _ageo
080 _a821.353.1-32 ბ-45
100 _aბელიაშვილი, აკაკი
_94491
245 _aმოთხრობები /
_cაკაკი ბელიაშვილი ; პ/მგ .რედ. კ. ჭანტურიშვილი.
264 _aთბილისი :
_bსახელგამი ;
_c1937.
300 _a200 გვ. ;
_c18 სმ.
653 _aმოთხრობა
700 _aჭანტურიშვილი, კ.
_eრედაქტორი
_94662
942 _cBK
_2udc